[Event "87th Argentinean Championship"]
[Site "Villa Martelli, ARG"]
[Date "2013.04.09"]
[Round "7.3"]
[White "Mareco, Sandro"]
[Black "Julia, Ernesto"]
[Result "1/2-1/2"]
[WhiteElo "2580"]
[BlackElo "2374"]

1. d4 d5 2. c4 dxc4 3. e4 e5 4. Nf3 exd4 5. Bxc4 Nc6 6. O-O Be6 7. Bxe6 fxe6
8. Qb3 Qd7 9. Qxb7 Rb8 10. Qa6 Nf6 11. Nbd2 Bb4 12. Qd3 Bxd2 13. Bxd2 Rxb2
14. Bc1 Rb6 15. Ba3 Nb4 16. Qc4 a5 17. Nxd4 O-O 18. Nb3 Ra8 19. Rad1 Qc6 20.
Nc5 Re8 21. Rd4 Qb5 22. f3 Qxc4 23. Rxc4 Nxa2 24. Ra1 Nb4 25. Bb2 Rc6 26. Rc3
Rd8 27. Nb7 Rd2 28. Rxc6 Nxc6 29. Nxa5 Nxa5 30. Bxf6 gxf6 31. Rxa5 Rc2 32. g4
Kf7 33. h4 e5 34. Ra8 h5 35. gxh5 Kg7 36. Kf1 c5 37. Ke1 c4 38. Rc8 Kh6 39.
Rh8+ Kg7 40. Rc8 Kh6 1/2-1/2

[Event "87th Argentinean Championship"]
[Site "Villa Martelli, ARG"]
[Date "2013.04.09"]
[Round "7.4"]
[White "Iermito, Sebastian"]
[Black "Della Morte, German"]
[Result "1-0"]
[WhiteElo "2463"]
[BlackElo "2318"]

1. e4 e5 2. Nf3 Nc6 3. Bb5 a6 4. Ba4 Nf6 5. d3 d6 6. c3 g6 7. Bg5 Bg7 8. Nbd2
O-O 9. O-O h6 10. Bh4 b5 11. Bc2 Nb8 12. d4 Nbd7 13. a4 Bb7 14. Bd3 c6 15.
b4 Qc7 16. Rc1 bxa4 17. Nc4 Rfe8 18. Re1 Nb6 19. Na5 Bc8 20. c4 Bg4 21. c5
dxc5 22. dxc5 Nc8 23. Bc4 Rb8 24. Qxa4 Na7 25. Bxa6 Bxf3 26. gxf3 Nh5 27. Rcd1
Bf8 28. Nc4 Nb5 29. Qa5 Qxa5 30. Nxa5 Nc7 31. Bb7 Re6 32. Rd8 Rxd8 33. Bxd8
Nb5 34. Nxc6 Nf4 35. Ra1 g5 36. Ra6 h5 37. Bc8 Rxc6 38. Rxc6 Nd4 39. Rf6 1-0

[Event "87th Argentinean Championship"]
[Site "Villa Martelli, ARG"]
[Date "2013.04.09"]
[Round "7.5"]
[White "Real De Azua, Ernesto"]
[Black "Krysa, Leandro Sergio"]
[Result "1/2-1/2"]
[WhiteElo "2450"]
[BlackElo "2378"]

1. Nf3 Nf6 2. c4 c5 3. d4 cxd4 4. Nxd4 b6 5. Nc3 Bb7 6. f3 d6 7. e4 e6 8. Be2
a6 9. Be3 Be7 10. O-O O-O 11. Qd2 Nbd7 12. Rac1 Qc7 13. b4 Rfc8 14. a3 Qd8
15. Nb3 Ne5 16. Na4 Nfd7 17. Rfd1 Bc6 18. Nb2 g5 19. Qe1 Qf8 20. h3 h5 21. Qg3
Qg7 22. Bd4 Qg6 23. Rc3 1/2-1/2

[Event "87th Argentinean Championship"]
[Site "Villa Martelli, ARG"]
[Date "2013.04.09"]
[Round "7.6"]
[White "Slipak, Sergio"]
[Black "Pichot, Alan"]
[Result "0-1"]
[WhiteElo "2438"]
[BlackElo "2327"]

1. Nf3 Nf6 2. g3 g6 3. b3 Bg7 4. Bb2 O-O 5. Bg2 d6 6. d4 c5 7. e3 cxd4 8.
exd4 d5 9. O-O Nc6 10. Na3 Bf5 11. c4 Nb4 12. Ne5 Nd7 13. f4 Nxe5 14. fxe5 Rc8
15. Bc3 a5 16. Qd2 Be6 17. Rad1 dxc4 18. Bxb7 Rc7 19. Bf3 cxb3 20. Nb5 Rd7 21.
a3 Qb6 22. axb4 axb4 23. Bxb4 Qxb5 24. Qc3 Rb8 25. Ba3 Qc4 26. Qxc4 Bxc4 27.
Rf2 Bh6 28. Bg4 Ra7 29. Bc5 Ra2 30. d5 b2 31. d6 exd6 32. exd6 b1=Q 0-1

[Event "87th Argentinean Championship"]
[Site "Villa Martelli, ARG"]
[Date "2013.04.09"]
[Round "7.7"]
[White "Liascovich, Lucas Agustin"]
[Black "Diaz Hollemaert, Nahuel"]
[Result "1-0"]
[WhiteElo "2410"]
[BlackElo "2418"]

1. b3 e5 2. Bb2 d6 3. e3 Nc6 4. Nf3 g5 5. h3 Bg7 6. d4 g4 7. hxg4 Bxg4 8. Be2
h5 9. Nbd2 Qe7 10. d5 Nb8 11. Nh4 Nh6 12. e4 Rg8 13. Bxg4 hxg4 14. Nc4 Bf6
15. g3 Nd7 16. Bc1 Bg5 17. Ne3 O-O-O 18. Nhf5 Nxf5 19. Nxf5 Qf6 20. Kf1 Rh8
21. Rxh8 Rxh8 22. Kg2 Bxc1 23. Qxc1 Rh5 24. Qe3 Qh8 25. Nh4 a6 26. c4 Qh7 27.
b4 b6 28. Re1 Kb7 29. Qe2 Rg5 30. Rh1 Nf6 31. Re1 Nd7 32. a4 Rg8 33. Rh1 Rh8
34. Re1 Rg8 35. a5 bxa5 36. c5 dxc5 37. bxc5 Nxc5 38. Qc4 1-0

[Event "87th Argentinean Championship"]
[Site "Villa Martelli, ARG"]
[Date "2013.04.09"]
[Round "7.8"]
[White "Lujan, Carolina"]
[Black "Dolezal, Cristian"]
[Result "0-1"]
[WhiteElo "2366"]
[BlackElo "2415"]

1. e4 e6 2. Nf3 d5 3. Nc3 d4 4. Ne2 c5 5. Ng3 Nc6 6. Bb5 Nge7 7. e5 Qb6 8.
Bxc6+ Qxc6 9. d3 Nd5 10. O-O b6 11. Ne4 Bb7 12. Bd2 O-O-O 13. a3 f5 14. exf6
gxf6 15. c4 dxc3 16. bxc3 f5 17. Neg5 Bg7 18. Rc1 Rhg8 19. Ne1 Bxc3 20. f4 Nxf4
21. Bxf4 Bxe1 22. Rc2 Bh4 23. Nf3 Bf6 24. Qe2 Rg4 25. g3 Bd4+ 26. Kg2 Rxf4
27. gxf4 Rg8+ 28. Kh3 e5 29. Nh4 Qh6 30. fxe5 f4 31. e6 Bg2+ 0-1

[Event "87th Argentinean Championship"]
[Site "Villa Martelli, ARG"]
[Date "2013.04.09"]
[Round "7.9"]
[White "Valerga, Diego"]
[Black "Cuevas, Alex"]
[Result "1-0"]
[WhiteElo "2502"]
[BlackElo "2298"]

1. e4 c5 2. Nf3 e6 3. c3 Nf6 4. e5 Nd5 5. Bc4 Nb6 6. Bb3 Nc6 7. O-O d6 8.
exd6 Bxd6 9. d4 O-O 10. Qe2 h6 11. dxc5 Bxc5 12. Nbd2 Nd5 13. Ne4 Bb6 14. c4 Nf6
15. Rd1 Qe7 16. Bf4 Nxe4 17. Qxe4 Bc7 18. Bxc7 Qxc7 19. c5 Bd7 20. Rd6 Ne7
21. Bc2 g6 22. Ne5 Bc6 23. Qf4 Bd5 24. Nd7 Nc6 25. Qxh6 1-0

[Event "87th Argentinean Championship"]
[Site "Villa Martelli, ARG"]
[Date "2013.04.09"]
[Round "7.10"]
[White "Lorenzini, Martin"]
[Black "Mansilla, Martin"]
[Result "1-0"]
[WhiteElo "2488"]
[BlackElo "2071"]

1. e4 c6 2. c4 d5 3. exd5 cxd5 4. cxd5 Nf6 5. Nc3 Nxd5 6. d4 e6 7. Nf3 Be7 8.
Bd3 O-O 9. O-O Nc6 10. a3 Bf6 11. Be4 Re8 12. Qd3 g6 13. Rd1 Qd6 14. Nb5 Qd8
15. h4 a6 16. Nc3 Qd6 17. h5 Bg7 18. hxg6 hxg6 19. Bxg6 fxg6 20. Qxg6 Bd7
21. Bh6 Qf8 22. Ng5 Qf6 23. Qh7+ Kf8 24. Qh8+ Ke7 25. Nxd5+ exd5 26. Qxg7+ Qxg7
27. Bxg7 Rg8 28. Re1+ Kd8 29. Nf7+ 1-0

[Event "87th Argentinean Championship"]
[Site "Villa Martelli, ARG"]
[Date "2013.04.09"]
[Round "7.11"]
[White "Perez Pietronave, Carlos"]
[Black "Giardelli, Sergio C."]
[Result "0-1"]
[WhiteElo "2203"]
[BlackElo "2346"]

1. e4 c5 2. Nf3 e6 3. d4 cxd4 4. Nxd4 a6 5. Bd3 Nf6 6. O-O d6 7. c4 Be7 8.
Nc3 O-O 9. f4 b6 10. f5 e5 11. Nc2 Bb7 12. g4 h6 13. g5 hxg5 14. Bxg5 Nbd7 15.
Rf3 Nh7 16. Be3 Bg5 17. Bxg5 Qxg5+ 18. Rg3 Qh4 19. Qf3 Nc5 20. Rf1 Ng5 21.
Qg2 f6 22. Rg4 Qh6 23. Rg3 Rac8 24. b3 b5 25. cxb5 axb5 26. Bxb5 Ncxe4 27. Bc4+
Rxc4 28. bxc4 Nxg3 29. Qxb7 Nxf1 30. Kxf1 Qh3+ 0-1

[Event "87th Argentinean Championship"]
[Site "Villa Martelli, ARG"]
[Date "2013.04.09"]
[Round "7.12"]
[White "Fabian, Gaston"]
[Black "Fiori, Hector Dionisio"]
[Result "1-0"]
[WhiteElo "2336"]
[BlackElo "2171"]

1. Nf3 Nf6 2. c4 e6 3. Nc3 c5 4. g3 b6 5. Bg2 Bb7 6. O-O Be7 7. d4 cxd4 8.
Qxd4 d6 9. Bg5 Nbd7 10. Nb5 d5 11. cxd5 Bxd5 12. Rfd1 O-O 13. Nc3 Rc8 14. Nxd5
Nxd5 15. Bxe7 Qxe7 16. e4 N5f6 17. e5 Nd5 18. Nh4 Rfd8 19. Bxd5 exd5 20. f4
Nf8 21. Nf5 Qe6 22. Nd6 Rc2 23. Rac1 Rxc1 24. Rxc1 g6 25. Rd1 Nd7 26. Qxd5
Qxd5 27. Rxd5 Nc5 28. Ne4 Rc8 29. Nxc5 bxc5 30. Rd7 Rb8 31. b3 c4 32. bxc4 Rb1+
33. Kf2 Rb2+ 34. Ke3 Rxa2 35. Kd3 a5 36. c5 Ra1 37. c6 Kf8 38. c7 Rd1+ 39.
Ke2 Rxd7 40. c8=Q+ Ke7 41. Qc5+ Ke8 42. Qxa5 Kf8 43. Qc5+ Kg7 44. g4 1-0

[Event "87th Argentinean Championship"]
[Site "Villa Martelli, ARG"]
[Date "2013.04.09"]
[Round "7.13"]
[White "Perez, Maximiliano"]
[Black "Radoszta, Armando E."]
[Result "1-0"]
[WhiteElo "2298"]
[BlackElo "1998"]

1. d4 d5 2. c4 c6 3. Nc3 Nf6 4. Bg5 Bf5 5. Bxf6 gxf6 6. cxd5 cxd5 7. Qb3 e6
8. e4 Bxe4 9. Qxb7 Nd7 10. Bb5 Rc8 11. Nxe4 dxe4 12. Ne2 Rc7 13. Qxe4 Bb4+ 14.
Kf1 Qb8 15. Ba4 O-O 16. h4 Rfc8 17. Rh3 Bd6 18. Bb3 f5 19. Qe3 Kh8 20. Nc3
Rg8 21. Rd1 Qb6 22. Kg1 Rcc8 23. Rd2 Rg7 24. Bd1 Rcg8 25. Bf3 Qb8 26. Qd3 Bf4
27. Re2 Qb6 28. Kf1 Qd6 29. Qc4 Nb6 30. Qc5 Qd7 31. Bc6 Qd8 32. Re1 Qb8 33.
Rd1 Rg4 34. Bf3 R4g7 35. Qb5 Qd6 36. a4 Rb8 37. a5 Nd7 38. Bb7 Qc7 39. a6 Nb6
40. Qc5 Nc4 41. Qxc7 Bxc7 42. Na4 Rgg8 43. Rc3 Nb6 44. Rxc7 Nxa4 45. Rxf7 Rg7
46. Rxg7 Kxg7 47. Rc1 Nxb2 48. Rc7+ Kf6 49. Bf3 Nd3 50. Rb7 Rd8 51. Rxa7
Rxd4 52. Rxh7 Nf4 53. a7 Rb4 54. Ke1 1-0

[Event "87th Argentinean Championship"]
[Site "Villa Martelli, ARG"]
[Date "2013.04.09"]
[Round "7.14"]
[White "Bertaccini, Daniel"]
[Black "Barrionuevo, Pablo"]
[Result "0-1"]
[WhiteElo "2176"]
[BlackElo "2269"]

1. Nf3 d5 2. c4 e6 3. g3 Nf6 4. Bg2 Be7 5. O-O O-O 6. d4 c5 7. cxd5 exd5 8.
Nc3 Nc6 9. Bg5 c4 10. Ne5 Be6 11. b3 h6 12. Bf4 cxb3 13. Nxc6 bxc6 14. axb3
Qd7 15. Na4 Bh3 16. Qc2 Bf5 17. Qc3 g5 18. Bc1 Rfe8 19. Re1 Bd6 20. Ba3 Ne4 21.
Qc1 Rab8 22. Bxd6 Qxd6 23. Nc5 Nxc5 24. dxc5 Qe7 25. Qc3 Rb5 26. b4 Reb8 27.
Ra4 Bg6 28. Rea1 R8b7 29. e3 Rd7 30. Ra6 Rc7 31. Qa3 Rbb7 32. Bf1 Be4 33.
Qc3 Kh7 34. Qd4 Qd7 35. b5 cxb5 36. Qf6 Rxc5 37. Qxh6+ Kg8 38. Qxg5+ Bg6 39.
Qf6 Qf5 40. Qd8+ Kg7 41. R6a2 b4 42. Qd6 Rbc7 43. Rd1 Rc2 44. Rxc2 Rxc2 45. f4
Qe4 46. Qe5+ Qxe5 47. fxe5 Be4 48. Ra1 b3 49. Rxa7 b2 50. Rb7 d4 51. Rb3 d3
0-1

[Event "87th Argentinean Championship"]
[Site "Villa Martelli, ARG"]
[Date "2013.04.09"]
[Round "7.15"]
[White "Malbran, Guillermo"]
[Black "Brea, Emanuel"]
[Result "1-0"]
[WhiteElo "2198"]
[BlackElo "1880"]

1. e4 c6 2. d4 d5 3. exd5 cxd5 4. Bd3 Nf6 5. c3 Qc7 6. Ne2 e6 7. Bf4 Bd6 8.
Bxd6 Qxd6 9. Nd2 O-O 10. O-O Nc6 11. Nf3 Bd7 12. Re1 Rab8 13. a4 a6 14. Nc1
Na5 15. Ne5 Rfc8 16. Qe2 Qc7 17. g4 Be8 18. f4 Nc4 19. Qc2 Nd6 20. Ne2 h5 21.
g5 Nfe4 22. Ng3 Nxg3 23. hxg3 g6 24. g4 hxg4 25. Nxg4 Nf5 26. Qh2 Kf8 27. Bxf5
gxf5 28. Ne3 Bc6 29. Nxf5 Kg8 30. Ne3 Kf8 31. Qh8+ Ke7 32. Qf6+ Kf8 33. Nf5
1-0

[Event "87th Argentinean Championship"]
[Site "Villa Martelli, ARG"]
[Date "2013.04.09"]
[Round "7.16"]
[White "Ferrara, Alexis Roberto"]
[Black "Maldonado, Marcos"]
[Result "0-1"]
[WhiteElo "2195"]
[BlackElo "1991"]

1. d4 d5 2. c4 c6 3. Nf3 Nf6 4. Nc3 e6 5. g3 Bb4 6. Bg2 Ne4 7. Bd2 Nxd2 8.
Nxd2 O-O 9. O-O b6 10. a3 Bxc3 11. bxc3 Ba6 12. Qb3 Nd7 13. e4 Rc8 14. Rfe1 Nf6
15. Qa4 Bxc4 16. Nxc4 b5 17. Qxa7 bxc4 18. Qa6 Qc7 19. Qa4 Ra8 20. Qc2 Rfb8
21. a4 Rb3 22. Reb1 Qb6 23. exd5 cxd5 24. Rxb3 Qxb3 25. Qxb3 cxb3 26. Rb1
Rxa4 27. Rxb3 Ra1+ 28. Bf1 g6 29. Kg2 Rd1 30. Be2 Rd2 31. Bf3 g5 32. h3 h5 33.
g4 h4 34. Kf1 Rc2 35. Rb8+ Kg7 36. Rc8 Nd7 37. Rc6 Nf8 38. c4 Rxc4 39. Rxc4
dxc4 40. Ke1 Ng6 41. Be2 Nf4 42. Bxc4 Nxh3 43. d5 Nf4 44. dxe6 fxe6 45. Kf1 Kf6
46. Ba6 Ke5 47. Bb7 Nd5 48. Kg2 Kf4 49. f3 h3+ 50. Kxh3 Kxf3 51. Bc6 Kf2 52.
Bb7 Nf6 0-1

[Event "87th Argentinean Championship"]
[Site "Villa Martelli, ARG"]
[Date "2013.04.09"]
[Round "7.17"]
[White "Fiori, Alberto Nicolas"]
[Black "Paternoste, Martin"]
[Result "0-1"]
[WhiteElo "2128"]
[BlackElo "2076"]

1. e4 d6 2. d4 Nf6 3. Nc3 g6 4. Nf3 Bg7 5. h3 O-O 6. Be3 c6 7. a4 d5 8. e5
Ne4 9. Nxe4 dxe4 10. Nd2 c5 11. dxc5 Bxe5 12. c3 f5 13. Nc4 Bg7 14. Qb3 Be6 15.
Qxb7 Bd5 16. Qb3 f4 17. Bd2 Nd7 18. Qa3 Qc7 19. b4 e3 20. Nxe3 fxe3 21. Bxe3
Nf6 22. O-O-O Rad8 23. b5 Ne4 24. Rxd5 Rxd5 25. Bc4 Nxc3 26. Bxd5+ Nxd5 27.
Qb3 Qe5 28. Rd1 e6 29. c6 Nxe3 30. fxe3 Rf2 31. Rd2 Rf1+ 32. Kc2 Qf5+ 33. Qd3
Qc5+ 34. Kb3 Rb1+ 35. Qxb1 Qc3+ 36. Ka2 Qxd2+ 37. Kb3 Qxe3+ 38. Ka2 Qd2+ 39.
Kb3 Qd5+ 40. Kb4 Bf8+ 41. Kc3 Bg7+ 42. Kb4 Qd2+ 43. Kb3 Qc3+ 44. Ka2 Be5 45.
g4 Kf7 46. Qf1+ Ke7 47. Qe2 Kd6 48. g5 Bf4 49. Qd1+ Qd2+ 50. Qxd2+ Bxd2 51.
h4 e5 52. Kb3 e4 0-1

[Event "87th Argentinean Championship"]
[Site "Villa Martelli, ARG"]
[Date "2013.04.09"]
[Round "7.18"]
[White "Franco, Gaston Nicolas"]
[Black "Pineiro, Dario"]
[Result "0-1"]
[WhiteElo "2042"]
[BlackElo "2194"]

1. e4 e6 2. d4 d5 3. Nc3 Nf6 4. Bg5 Bb4 5. e5 h6 6. Bd2 Bxc3 7. bxc3 Ne4 8.
Qg4 Kf8 9. h4 c5 10. Bd3 Nxd2 11. Kxd2 c4 12. Be2 Nc6 13. Rh3 b5 14. a3 a5 15.
Qf4 Qe7 16. Rg3 Ra7 17. Bh5 Bd7 18. Qg4 g6 19. Re1 Ke8 20. Ree3 gxh5 21.
Qxh5 b4 22. Rg7 bxa3 23. Rf3 Nd8 24. Nh3 a2 25. Ng5 Ba4 26. Nh7 Rxh7 0-1

[Event "87th Argentinean Championship"]
[Site "Villa Martelli, ARG"]
[Date "2013.04.09"]
[Round "7.19"]
[White "Arguinariz, Enrique"]
[Black "Galleto, Ricardo Ruben"]
[Result "1-0"]
[WhiteElo "2082"]
[BlackElo "2014"]

1. Nf3 e5 2. Nxe5 Nc6 3. Nxc6 dxc6 4. d4 Bf5 5. e3 Qd7 6. Bd3 O-O-O 7. O-O
Nf6 8. Re1 Re8 9. Bxf5 Qxf5 10. Qd3 Qd7 11. Nc3 h5 12. e4 c5 13. dxc5 Bxc5 14.
Qxd7+ Kxd7 15. Be3 Kc6 16. Bxc5 Kxc5 17. Rad1 Rd8 18. f3 Rhe8 19. Kf2 b5 20.
Ke3 g5 21. Rxd8 Rxd8 22. Rd1 Rxd1 23. Nxd1 Kd6 24. Nc3 a6 25. Ne2 c5 26. Ng3
Ke5 27. Nf5 h4 28. g3 hxg3 29. hxg3 Nh5 30. Nh6 Ke6 31. Kf2 a5 32. Nf5 Nf6
33. Ng7+ Ke5 34. Ke3 Kd6 35. f4 gxf4+ 36. gxf4 Nd7 37. Ne8+ Kc6 38. e5 Nb6 39.
Ke4 b4 40. f5 a4 41. b3 axb3 42. axb3 Kd7 43. Nd6 f6 44. Nc4 Nc8 45. exf6 Na7
46. Ne5+ Kd6 47. Ng6 1-0

[Event "87th Argentinean Championship"]
[Site "Villa Martelli, ARG"]
[Date "2013.04.09"]
[Round "7.20"]
[White "Lopez Rebert, Pablo"]
[Black "Tomas Falcon, Jesus"]
[Result "1-0"]
[WhiteElo "2049"]
[BlackElo "1896"]

1. e4 c5 2. c3 d5 3. exd5 Qxd5 4. d4 Nf6 5. Nf3 Bg4 6. Be2 Nc6 7. Be3 cxd4 8.
cxd4 e6 9. O-O Be7 10. Nc3 Qd7 11. Qb3 O-O 12. Ne5 Nxe5 13. dxe5 Bxe2 14.
exf6 Bxf1 15. fxe7 Qxe7 16. Kxf1 Rfd8 17. Rd1 Rxd1+ 18. Qxd1 b6 19. Qd4 Rd8 20.
Qc4 Qd7 21. a4 h6 22. Ke2 e5 23. Qe4 Qe6 24. f4 Qg4+ 25. Qf3 Qf5 26. Qe4
Qxe4 27. Nxe4 exf4 28. Bf2 Rd5 29. Nc3 Rh5 30. h3 Re5+ 31. Kf3 g5 32. Nb5 a6 33.
Nc7 b5 34. a5 f5 35. Nxa6 h5 36. Nc5 b4 37. a6 Re7 38. Nb7 Re4 39. Bb6 Rc4
40. a7 g4+ 41. Ke2 Rc8 42. Bc7 Ra8 43. Bb8 Kf7 44. h4 Ke7 45. Nd6 f3+ 46. gxf3
Rxa7 47. Nc8+ 1-0

[Event "87th Argentinean Championship"]
[Site "Villa Martelli, ARG"]
[Date "2013.04.10"]
[Round "8.1"]
[White "Iermito, Sebastian"]
[Black "Flores, Diego"]
[Result "1/2-1/2"]
[WhiteElo "2463"]
[BlackElo "2600"]

1. e4 e5 2. Nf3 Nc6 3. Bb5 a6 4. Ba4 Nf6 5. d3 d6 6. c3 g6 7. Bg5 Bg7 8. O-O
h6 9. Bh4 O-O 10. Re1 Bd7 11. d4 Qe8 12. Bxf6 Bxf6 13. d5 Nb8 14. Bxd7 Nxd7
15. c4 Bg7 16. Nc3 Qd8 17. b4 f5 18. Nd2 Rf7 19. Nb3 Qh4 20. c5 Nf6 21. f3
Raf8 22. Na5 b6 23. Nc4 b5 24. Nd2 h5 25. c6 g5 26. Rf1 g4 27. fxg4 fxe4 28. g3
Qg5 29. Qe2 e3 30. Nde4 Nxe4 31. Nxe4 Qxg4 32. Qxe3 Rxf1+ 33. Rxf1 Rxf1+ 34.
Kxf1 Qd1+ 35. Kf2 Qxd5 36. Qb3 Qxb3 37. axb3 Kf7 38. Nxd6+ Ke6 39. Ne8 Bh6
40. Nxc7+ Kd6 41. Nxa6 Kxc6 42. Kf3 Kd5 43. Nc7+ Kd4 44. Nxb5+ Kd3 45. Nd6 Bf8
46. Ne4 Bxb4 47. Nf2+ Kd4 48. Ne4 Kd3 49. h3 Be7 50. Nf2+ Kd4 51. Ne4 Kd3 52.
h4 Kd4 53. Nf2 Bd6 54. Ne4 Be7 55. b4 Bxb4 56. Nf6 Kd3 57. Ne4 1/2-1/2

[Event "87th Argentinean Championship"]
[Site "Villa Martelli, ARG"]
[Date "2013.04.10"]
[Round "8.2"]
[White "Pichot, Alan"]
[Black "Villanueva, Mario"]
[Result "1/2-1/2"]
[WhiteElo "2327"]
[BlackElo "2379"]

1. e4 c5 2. Nf3 e6 3. Nc3 d6 4. d4 cxd4 5. Nxd4 Nf6 6. h3 Nc6 7. g4 d5 8. Bb5
Bd7 9. exd5 Nxd5 10. Nxd5 exd5 11. Be3 Be7 12. Qe2 Qa5+ 13. Bd2 Nxd4 14.
Bxa5 Nxe2 15. Bxe2 O-O 16. O-O-O Bc5 17. f4 Bc6 18. Bf3 Be3+ 19. Bd2 Bc5 20. f5
Rfe8 21. Bf4 Rad8 22. Rd3 d4 23. Rhd1 Bb6 24. Bxc6 bxc6 25. c3 Re4 26. Bg3
Kf8 27. Bf2 c5 28. cxd4 cxd4 29. b4 h5 30. Rg1 Re2 31. Rd2 Rc8+ 32. Kd1 Rxf2
33. Rxf2 d3 34. Rgg2 Bxf2 35. Rxf2 hxg4 36. hxg4 Rc4 37. a3 Rxg4 38. Kd2 Rd4
39. f6 gxf6 40. Rxf6 a5 41. bxa5 Ra4 42. Kxd3 Rxa5 43. Rb6 Rxa3+ 44. Ke4 Kg7
45. Kf4 Ra4+ 46. Kf5 Ra5+ 47. Kf4 f6 48. Rb8 Ra1 49. Kf5 Ra5+ 50. Kf4 Rc5 51.
Ra8 1/2-1/2

[Event "87th Argentinean Championship"]
[Site "Villa Martelli, ARG"]
[Date "2013.04.10"]
[Round "8.3"]
[White "Liascovich, Lucas Agustin"]
[Black "Perez Ponsa, Federico"]
[Result "1-0"]
[WhiteElo "2410"]
[BlackElo "2476"]

1. Nf3 Nf6 2. c4 g6 3. b4 Bg7 4. Bb2 d6 5. g3 O-O 6. Bg2 e5 7. d3 Re8 8. O-O
Nbd7 9. Nc3 e4 10. Nxe4 Nxe4 11. Bxg7 Kxg7 12. dxe4 Rxe4 13. Qc2 Re8 14. Rfd1
a5 15. a3 Qf6 16. Rac1 axb4 17. axb4 Ne5 18. Nd4 Bd7 19. Nb5 Bxb5 20. cxb5
Re7 21. h3 g5 22. Bxb7 Rb8 23. Ba6 h5 24. Qc3 h4 25. g4 Qe6 26. Rd4 f6 27. Qc2
Rf8 28. b6 cxb6 29. Bc8 Qf7 30. Rxd6 b5 31. Bf5 Ra8 32. Qc5 Nc4 33. Rc6 Re5
34. Rc7 Rxc5 35. Rxf7+ Kxf7 36. bxc5 Ke7 37. Rb1 Ra5 38. Bd3 Kd7 39. Rb4 Na3
40. Rd4+ Kc6 41. Rd6+ Kxc5 42. Rxf6 Ra8 43. Rf5+ Kb6 44. Rxg5 b4 45. Rg6+ Kc7
46. Rg7+ Kb6 47. g5 b3 48. Be4 Rb8 49. g6 b2 50. f4 Kc5 51. Rd7 Rb4 52. Bd3
Rb3 53. Bf5 Rg3+ 54. Kf1 b1=Q+ 55. Bxb1 Nxb1 56. g7 Nc3 57. Rd3 Rxg7 58.
Rxc3+ Kd4 59. Rf3 1-0

[Event "87th Argentinean Championship"]
[Site "Villa Martelli, ARG"]
[Date "2013.04.10"]
[Round "8.4"]
[White "Dolezal, Cristian"]
[Black "Valerga, Diego"]
[Result "0-1"]
[WhiteElo "2415"]
[BlackElo "2502"]

1. e4 c5 2. Nc3 e6 3. f4 Nc6 4. Nf3 Nge7 5. d4 cxd4 6. Nxd4 Nxd4 7. Qxd4 Nc6
8. Qf2 d5 9. e5 Be7 10. Bd3 O-O 11. Qe2 Nb4 12. O-O f6 13. exf6 Bxf6 14. Kh1
Bd7 15. Bd2 Qb6 16. Bb5 Bxb5 17. Nxb5 Nxc2 18. Rac1 Nd4 19. Nxd4 Bxd4 20. Rf3
Rac8 21. Re1 Rc6 22. Rb3 Qc7 23. Qg4 Qf7 24. Qd1 Bf6 25. Be3 b6 26. Bg1 Rfc8
27. Qg4 Qg6 28. Qe2 Qf5 29. Re3 Bd4 30. Rf3 Rc2 31. Qa6 Bxg1 32. Kxg1 Qg4
33. Rf2 Rc1 34. Qf1 Rxe1 35. Qxe1 Qf5 36. h3 h6 37. b3 d4 38. g4 Qd5 39. Rd2
Rc3 40. Kh2 Qf3 41. Qxe6+ Kh8 42. Rg2 Qxf4+ 43. Kh1 Rc1+ 0-1

[Event "87th Argentinean Championship"]
[Site "Villa Martelli, ARG"]
[Date "2013.04.10"]
[Round "8.5"]
[White "Fabian, Gaston"]
[Black "Mareco, Sandro"]
[Result "1/2-1/2"]
[WhiteElo "2336"]
[BlackElo "2580"]

1. d4 Nf6 2. c4 e6 3. Nf3 Bb4+ 4. Nbd2 O-O 5. a3 Be7 6. e4 d5 7. e5 Nfd7 8.
Bd3 c5 9. h4 g6 10. h5 cxd4 11. Qc2 Nc5 12. Bf1 d3 13. Bxd3 Nxd3+ 14. Qxd3
dxc4 15. Qxd8 Rxd8 16. hxg6 fxg6 17. Ne4 Nc6 18. Bg5 h5 19. Bxe7 Nxe7 20. g4 b5
21. Nf6+ Kg7 22. gxh5 gxh5 23. Rxh5 Rh8 24. Rxh8 Kxh8 25. O-O-O Kg7 26. Rg1+
Kf8 27. Rh1 Nf5 28. Rh7 Ng7 29. Ng5 Bb7 30. Nd7+ Kg8 31. Nf6+ Kf8 32. Nd7+
Kg8 33. Nf6+ 1/2-1/2

[Event "87th Argentinean Championship"]
[Site "Villa Martelli, ARG"]
[Date "2013.04.10"]
[Round "8.6"]
[White "Mahia, Gustavo"]
[Black "Lorenzini, Martin"]
[Result "0-1"]
[WhiteElo "2371"]
[BlackElo "2488"]

1. e4 e5 2. Nf3 Nc6 3. Bb5 Nf6 4. O-O Bc5 5. c3 O-O 6. d4 Bb6 7. dxe5 Nxe4 8.
Qd5 Nc5 9. Bg5 Ne7 10. Qd1 Ne4 11. Bd3 d5 12. exd6 Nxd6 13. a4 a5 14. Re1
Re8 15. Na3 h6 16. Bh4 Be6 17. Rxe6 fxe6 18. Bg6 Nf7 19. Qe2 Qd5 20. Rd1 Nxg6
21. Rxd5 exd5 22. Qd2 Nxh4 23. Nxh4 Re4 24. g3 Rae8 25. Qxd5 Re1+ 26. Kg2 R8e2
27. Nc4 Rxf2+ 28. Kh3 c6 29. Qd7 Re4 30. g4 Rxc4 31. Qe6 Re4 0-1

[Event "87th Argentinean Championship"]
[Site "Villa Martelli, ARG"]
[Date "2013.04.10"]
[Round "8.7"]
[White "Giardelli, Sergio C."]
[Black "Real De Azua, Ernesto"]
[Result "0-1"]
[WhiteElo "2346"]
[BlackElo "2450"]

1. c4 Nf6 2. Nf3 g6 3. b4 Bg7 4. Bb2 O-O 5. g3 c6 6. Bg2 d5 7. cxd5 cxd5 8.
O-O Qb6 9. a3 a5 10. Bd4 Qd8 11. b5 Nbd7 12. Qb3 Re8 13. Ne5 Ng4 14. f4 Ndxe5
15. fxe5 Nxe5 16. Kh1 e6 17. Nc3 Nc4 18. Bxg7 Kxg7 19. Ne4 f5 20. Qc3+ e5 21.
Nc5 Qd6 22. Nd3 Be6 23. Nb2 Rec8 24. Nxc4 Rxc4 25. Qb2 Rac8 26. Rac1 b6 27.
Rxc4 dxc4 28. Qc3 Rd8 29. h3 Qd4 30. Qf3 Bd5 31. Qe3 Qxe3 32. dxe3 e4 33. Rc1
Be6 34. g4 Rd2 35. Kg1 Kf6 36. Kf2 Rb2 37. a4 Ra2 38. h4 Rxa4 0-1

[Event "87th Argentinean Championship"]
[Site "Villa Martelli, ARG"]
[Date "2013.04.10"]
[Round "8.8"]
[White "Krysa, Leandro Sergio"]
[Black "Julia, Ernesto"]
[Result "1-0"]
[WhiteElo "2378"]
[BlackElo "2374"]

1. d4 d5 2. Nf3 Nf6 3. c4 e6 4. Nc3 Nbd7 5. Bg5 Be7 6. cxd5 exd5 7. e3 O-O 8.
Bd3 c6 9. Qc2 Re8 10. O-O g6 11. Rab1 a6 12. b4 Nh5 13. Bxe7 Rxe7 14. a4 Nb6
15. b5 cxb5 16. axb5 a5 17. Rfc1 Be6 18. Na4 Nxa4 19. Qxa4 b6 20. Rc6 Nf6
21. Qa3 Rb7 22. Ne5 Qf8 23. Qc3 Qe7 24. Rc1 Kg7 25. Bb1 a4 26. Ba2 Ra5 27. Rb1
Ne4 28. Qe1 Qa3 29. Rc2 Ra8 30. Nc6 Qd6 31. f3 Nf6 32. Qb4 Qxb4 33. Rxb4 Rc7
34. Rc3 Bd7 35. Kf2 Rac8 36. Rxa4 Bxc6 37. bxc6 Rxc6 38. Rxc6 Rxc6 39. Bb3
Rc1 40. Ra2 Rb1 41. Bc2 Rc1 42. Rb2 h5 43. Bd3 Rd1 44. Be2 Ra1 45. Rxb6 Ra2 46.
h4 Rc2 47. Ra6 Rb2 48. Rd6 Ra2 49. Rb6 Rc2 50. Rb1 Ra2 51. Ke1 Ne8 52. Rb6
Ra1+ 53. Kf2 Ra2 54. Rc6 Nf6 55. Ke1 Ra1+ 56. Bd1 Ra2 57. Rc2 Ra1 58. Kd2 Kf8
59. Rc1 Ra2+ 60. Rc2 Ra1 61. Rb2 Ke7 62. Rb7+ Kf8 63. Bb3 Rg1 64. e4 Rxg2+
65. Ke3 Rh2 66. e5 Ng8 67. Bxd5 Ne7 68. Be4 Rxh4 69. Rb8+ Kg7 70. d5 f5 71. d6
1-0

[Event "87th Argentinean Championship"]
[Site "Villa Martelli, ARG"]
[Date "2013.04.10"]
[Round "8.9"]
[White "Paternoste, Martin"]
[Black "Slipak, Sergio"]
[Result "0-1"]
[WhiteElo "2076"]
[BlackElo "2438"]

1. b3 c5 2. Bb2 Nc6 3. e3 Nf6 4. Nf3 g6 5. Be2 Bg7 6. c4 O-O 7. O-O b6 8. d3
Bb7 9. Nbd2 e6 10. d4 Qe7 11. a3 Rac8 12. Ra2 cxd4 13. Nxd4 e5 14. Nxc6 dxc6
15. Qa1 Nd7 16. Rd1 Nc5 17. b4 Na4 18. Ne4 Rcd8 19. Nc3 Nxb2 20. Qxb2 Rxd1+
21. Bxd1 Bc8 22. Ba4 Be6 23. Qe2 b5 24. Bb3 f5 25. Rc2 a5 26. Ba2 axb4 27.
axb4 Qxb4 28. cxb5 Bxa2 29. Nxa2 Qxb5 30. Qxb5 cxb5 31. Kf1 e4 32. Ke2 Rb8 33.
Nb4 Bf8 34. Nc6 Rb6 35. Nd4 Bd6 36. g3 Kf7 37. Kd2 b4 38. Rb2 Be5 39. Kc2 Bxd4
40. exd4 Ke6 41. Kb3 Kd5 42. Rd2 g5 0-1